GMOs: vote on cross-border movement rules (Record no. 71276)
[ view plain ]
| 000 -LEADER | |
|---|---|
| fixed length control field | 00795cam a2200217 4500 |
| 001 - CONTROL NUMBER | |
| control field | WB3836-17 |
| 008 - FIXED-LENGTH DATA ELEMENTS--GENERAL INFORMATION | |
| fixed length control field | 021001n2002 000 0 eng u |
| 035 ## - SYSTEM CONTROL NUMBER | |
| System control number | (Sirsi) u119955 |
| 245 ## - TITLE STATEMENT | |
| Title | GMOs: vote on cross-border movement rules |
| 260 ## - PUBLICATION, DISTRIBUTION, ETC. | |
| Date of publication, distribution, etc. | 2002 |
| 490 ## - SERIES STATEMENT | |
| Series statement | RICS Brussels Briefing |
| Volume/sequential designation | 30 September 2002, (1) |
| 520 ## - SUMMARY, ETC. | |
| Summary, etc. | MEPs have endorsed proposals on the cross-border movement of genetically modified organisms (GMOs). The proposals look at ways to implement the Cartagena biosafety protocol which bans the export of GMOs unless the importing country gives its consent. |
| 590 ## - LOCAL NOTE (RLIN) | |
| Local note | WB |
| 650 ## - SUBJECT ADDED ENTRY--TOPICAL TERM | |
| Topical term or geographic name entry element | GENETICALLY MODIFIED ORGANISMS |
| 650 ## - SUBJECT ADDED ENTRY--TOPICAL TERM | |
| Topical term or geographic name entry element | EUROPEAN COMMISSION |
| 650 ## - SUBJECT ADDED ENTRY--TOPICAL TERM | |
| Topical term or geographic name entry element | EXPORTS |
| 650 ## - SUBJECT ADDED ENTRY--TOPICAL TERM | |
| Topical term or geographic name entry element | IMPORTS |
| 650 ## - SUBJECT ADDED ENTRY--TOPICAL TERM | |
| Topical term or geographic name entry element | BIOSECURITY |
| 690 ## - LOCAL SUBJECT ADDED ENTRY--TOPICAL TERM (OCLC, RLIN) | |
| Topical term or geographic name as entry element | Rural |
| 9 (RLIN) | 6268 |
| 942 ## - ADDED ENTRY ELEMENTS (KOHA) | |
| Suppress in OPAC | 0 |
| Withdrawn status | Lost status | Source of classification or shelving scheme | Damaged status | Not for loan | Home library | Current library | Shelving location | Date acquired | Total Checkouts | Full call number | Barcode | Date last seen | Copy number | Price effective from | Koha item type |
|---|---|---|---|---|---|---|---|---|---|---|---|---|---|---|---|
| Dewey Decimal Classification | London | London | News article | 01/10/2002 | WB3836-17 | 119955-1001 | 06/08/2019 | 1 | 06/08/2019 | News article |